Универсальная диаграмма прогрева-остывания твердых тел в критериях подобия (Fo-Bi-диаграммы); Известия Томского индустриального института [Известия ТИИ]; Т. 59, [Вып. 1-3]

Dettagli Bibliografici
Parent link:Известия Томского индустриального института [Известия ТИИ]/ Томский индустриальный институт (ТИИ).— , 1934-1944
Т. 59, [Вып. 1-3].— 1940
Autore principale: Норкин Н. Н.
Riassunto:Заглавие с титульного листа
Электронная версия печатной публикации
Lingua:russo
Pubblicazione: 1940
Soggetti:
Accesso online:Черно-белая версия для предварительного просмотра
Цветная версия без потери качества
Natura: MixedMaterials Elettronico Capitolo di libro
KOHA link:https://koha.lib.tpu.ru/cgi-bin/koha/opac-detail.pl?biblionumber=182327

MARC

LEADER 00000nla2a2200000 4500
001 182327
005 20231031171301.0
035 |a (RuTPU)RU\TPU\book\197662 
035 |a RU\TPU\book\197661 
090 |a 182327 
100 |a 20100620d1940 k y0rusy50 ca 
101 0 |a rus 
102 |a RU 
135 |a drnn ---uucaa 
181 0 |a i  
182 0 |a b 
200 1 |a Универсальная диаграмма прогрева-остывания твердых тел в критериях подобия (Fo-Bi-диаграммы)  |b Электронный ресурс  |f Н. Н. Норкин 
203 |a Текст  |c электронный 
215 |a 2 файла (1.1 Мб, 43.1 Мб) 
230 |a Электронные текстовые данные (2 файла : 1.1 Мб, 43.1 Мб) 
300 |a Заглавие с титульного листа 
300 |a Электронная версия печатной публикации 
320 |a [Библиогр.: 3 назв.] 
337 |a Adobe Reader 
461 1 |0 (RuTPU)RU\TPU\book\197248  |t Известия Томского индустриального института [Известия ТИИ]  |f Томский индустриальный институт (ТИИ)  |d 1934-1944 
463 1 |0 (RuTPU)RU\TPU\book\197643  |t Т. 59, [Вып. 1-3]  |d 1940  |p 536 с. 
610 1 |a электронный ресурс 
610 1 |a труды учёных ТПУ 
700 1 |a Норкин  |b Н. Н. 
801 1 |a RU  |b 63413507  |c 20090320  |g PSBO 
801 2 |a RU  |b 63413507  |c 20101120  |g PSBO 
856 4 |u http://www.lib.tpu.ru/fulltext/v/Bulletin_TPU/1940-1942/v59/a19_bw.pdf  |z Черно-белая версия для предварительного просмотра 
856 4 |u http://www.lib.tpu.ru/fulltext/v/Bulletin_TPU/1940-1942/v59/a19_full.pdf  |z Цветная версия без потери качества 
942 |c CF